Ciudades de Eurocopa 2024 - Estadísticas

Estadísticas generales
  • Esta prueba ha sido intentada 49 veces
  • La puntuación promedio es 7 de 10
Estadísticas de respuestas
Imagen Respuesta % Correcto
Berlín
95%
Múnich
87%
Dortmund
79%
Colonia
72%
Hamburgo
67%
Düsseldorf
54%
Stuttgart
54%
Fráncfort
49%
Gelsenkirchen
49%
Leipzig
49%
No se encontraron pruebas coincidentes
Distribución de puntuación
Porcentaje de gente con cada puntuación
Porcentaje por número respondido
Historial de tus puntuaciones
No has intentado esta prueba.